000 00756cam0a220024100 4500
001 lce01148986
008 700312s1968 ja a 000 0 eng
010 _a 79448061
015 _aJa69***
020 _cunpriced
035 _a(Sirsi) r119537
035 _a(DLC) 79448061
035 _a(UPRA)lce01148986
050 0 _aHF5681.D5
_bM55
082 _a657.3
100 1 _aMinemura, Shinkichi.
_6A85034.1
245 1 0 _aDepreciation accounting and economic analysis.
260 _aTokyo,
_bSociety of Business and Commerce, Keio University,
_c1968.
440 0 _aKeio monographs of business and commerce ;
_v2
_6S10113.1
650 0 _aDepreciation.
_6S61190.1
949 _aHF5681.D5
_wlcc
_c 1
_i-172114
_mMAIN
_p1500
_tBOOK
_lON-SHELF
004 119537
999 _c63020
_d63019